000 00637nam a22001937a 4500
005 20140909111828.0
010 _aENG-110780
020 _a9788175417229
_c600.00
035 _aEN-94312
037 _bDBAD/PUB
082 _a305.23
100 _a Maqsooda S.Sarfi
245 _aStreet children of Mongolia :
_ba perspective /
_cby Maqsooda S.Sarfi
260 _aDelhi
_bShipra Publications
_c2014
270 _aLG 18-19, Pankaj Central Market, I.P. Ext., Patparganj
_bDelhi
_e110092
300 _ax,108p. :
_c22cm(Hb)
_bill.
500 _aIncludes bibliographical references and index
942 _2ddc
_cEN
_h305.23
_mMAQ
999 _c88341
_d88341